[Event "11th EUR-ch"]
[Site "Rijeka CRO"]
[Date "2010.03.10"]
[Round "5"]
[White "Spichkin, Alexander"]
[Black "Neubauer, Martin"]
[Result "0-1"]
[WhiteElo "2241"]
[BlackElo "2465"]
[EventDate "2010.03.06"]
[PlyCount "64"]

1.d4 Nf6 2.e3 g6 3.f4 Bg7 4.Nf3 O-O 5.c3 d6 6.Bc4 b6 7.Qe2 Bb7 8.O-O Nbd7 
9.Nbd2 c5 10.e4 cxd4 11.e5 Nd5 12.e6 Nxf4 13.exf7+ Kh8 14.Qf2 e5 15.Nb3 b5
16.Bxf4 bxc4 17.Bg5 Bf6 18.Bxf6+ Qxf6 19.Nbd2 dxc3 20.bxc3 Bxf3 21.Nxf3 
Qxf7 22.Qd2 Qe7 23.Rad1 Rf6 24.Ng5 Rd8 25.Ne4 Rxf1+ 26.Rxf1 Nc5 27.Nxc5 
dxc5 28.Qe2 Rd3 29.Qe4 Rxc3 30.Rb1 Qd6 31.Qe1 Rd3 32.Qf1 c3 0-1

[Event "11th EUR-ch"]
[Site "Rijeka CRO"]
[Date "2010.03.10"]
[Round "5"]
[White "Doric, Darko"]
[Black "Bakalarz, Mieczyslaw"]
[Result "1-0"]
[WhiteElo "2464"]
[BlackElo "2300"]
[EventDate "2010.03.06"]
[PlyCount "65"]

1.d4 d5 2.c4 Bf5 3.Nc3 e6 4.Nf3 c6 5.Qb3 Qb6 6.c5 Qc7 7.Bf4 Qc8 8.Nh4 Be7 
9.Nxf5 exf5 10.e3 Nf6 11.h3 h5 12.Bd3 g6 13.f3 Nbd7 14.O-O O-O 15.Bh6 Re8 
16.e4 fxe4 17.fxe4 dxe4 18.Nxe4 Nd5 19.Bc4 Kh7 20.Bg5 f6 21.Bxd5 cxd5 22.
Bxf6 Qc6 23.Ng5+ Kg8 24.Qd3 Nf8 25.Bxe7 Rxe7 26.Rf3 Nh7 27.Nxh7 Kxh7 28.
Raf1 Rg8 29.b4 a6 30.Rf6 Re6 31.Rf7+ Rg7 32.Rxg7+ Kxg7 33.Qf3 1-0

[Event "11th EUR-ch"]
[Site "Rijeka CRO"]
[Date "2010.03.10"]
[Round "5"]
[White "Kalegin, Evgeny"]
[Black "Katzir, Moshe"]
[Result "1-0"]
[WhiteElo "2456"]
[BlackElo "2288"]
[EventDate "2010.03.06"]
[PlyCount "53"]

1.e4 c5 2.Nf3 e6 3.Nc3 a6 4.d4 cxd4 5.Nxd4 Qc7 6.Bd3 Nf6 7.O-O Nc6 8.Be3 
Ne5 9.f4 Neg4 10.Bd2 Bc5 11.Ne2 e5 12.fxe5 Qxe5 13.Bf4 Bxd4+ 14.Kh1 Qc5 
15.Nxd4 Qxd4 16.e5 Nf2+ 17.Rxf2 Qxf2 18.exf6 Qxf4 19.Qe1+ Kd8 20.fxg7 Rg8 
21.Qa5+ Ke7 22.Re1+ Kf6 23.Qc3+ Kg5 24.Rf1 Qxf1+ 25.Bxf1 d5 26.h4+ Kg6 27.
Qg3+ 1-0

[Event "11th EUR-ch"]
[Site "Rijeka CRO"]
[Date "2010.03.10"]
[Round "5"]
[White "Todorovic, Goran"]
[Black "Bente, Bjorn"]
[Result "1-0"]
[WhiteElo "2453"]
[BlackElo "2245"]
[EventDate "2010.03.06"]
[PlyCount "43"]

1.e4 c6 2.Nc3 d5 3.Nf3 Bg4 4.h3 Bxf3 5.Qxf3 Nf6 6.d3 e6 7.Bd2 Nbd7 8.g4 b5
9.g5 b4 10.Na4 Ng8 11.d4 a5 12.Bd3 Nb6 13.exd5 cxd5 14.Bb5+ Nd7 15.Bxd7+ 
Qxd7 16.Nb6 Qc6 17.Nxa8 Qxa8 18.O-O Bd6 19.Bf4 Qb8 20.Bxd6 Qxd6 21.a3 Ne7 
22.Qg3 1-0

[Event "11th EUR-ch"]
[Site "Rijeka CRO"]
[Date "2010.03.10"]
[Round "5"]
[White "Potapov, Alexander"]
[Black "Ernst, Michael"]
[Result "1/2-1/2"]
[WhiteElo "2446"]
[BlackElo "2166"]
[EventDate "2010.03.06"]
[PlyCount "76"]

1.d4 Nf6 2.c4 g6 3.Nc3 d5 4.Bf4 Bg7 5.e3 O-O 6.Nf3 c5 7.dxc5 Qa5 8.Rc1 Ne4
9.cxd5 Nxc3 10.Qd2 Nd7 11.bxc3 Nxc5 12.c4 Qa3 13.Nd4 Ne4 14.Qc2 Bd7 15.f3 
Ba4 16.Qxe4 Qxc1+ 17.Kf2 Rac8 18.Be5 Bxe5 19.Qxe5 Rxc4 20.Bxc4 Qxh1 21.Ne6
fxe6 22.Qxe6+ Kg7 23.Qe5+ Kh6 24.Qxe7 Rc8 25.Qh4+ Kg7 26.Qd4+ Kh6 27.Qg4 
Bd7 28.Qh4+ Kg7 29.Qe7+ Kh6 30.Bb3 Bb5 31.Qh4+ Kg7 32.Qd4+ Kh6 33.Qf4+ Kg7
34.Qe5+ Kh6 35.Qf4+ Kg7 36.Qd4+ Kh6 37.Qh4+ Kg7 38.Qe7+ Kh6 1/2-1/2

[Event "11th EUR-ch"]
[Site "Rijeka CRO"]
[Date "2010.03.10"]
[Round "5"]
[White "Baumegger, Siegfried"]
[Black "Tate, Alan"]
[Result "1/2-1/2"]
[WhiteElo "2442"]
[BlackElo "2215"]
[EventDate "2010.03.06"]
[PlyCount "108"]

1.d4 Nf6 2.c4 g6 3.Nc3 Bg7 4.e4 d6 5.Nf3 O-O 6.Be2 Nbd7 7.O-O e5 8.Be3 Re8
9.d5 Nh5 10.g3 Bf8 11.Ne1 Ng7 12.Nd3 f5 13.Qd2 Nf6 14.f3 fxe4 15.fxe4 Be7 
16.Nf2 c5 17.Rab1 Bd7 18.b4 b6 19.bxc5 bxc5 20.Rb7 Bc8 21.Rb2 Rf8 22.Rfb1 
h5 23.Rb8 Rxb8 24.Rxb8 Nd7 25.Rb3 Ba6 26.Nb5 Bxb5 27.Rxb5 Qa8 28.Bf1 a6 
29.Rb3 Rb8 30.Bh3 Rxb3 31.axb3 Qb7 32.Bxd7 Qxd7 33.Qa5 Qb7 34.Qa4 Kf7 35.
Nd3 Qc8 36.Nf2 Ne8 37.Kg2 Nf6 38.h3 Qb7 39.Kf3 Qc8 40.b4 cxb4 41.Qxb4 Nxe4
42.Nxe4 Qf5+ 43.Bf4 exf4 44.g4 Qe5 45.Qb7 Kf8 46.Qc8+ Kf7 47.Qc7 hxg4+ 48.
hxg4 g5 49.Qb7 Kf8 50.Qxa6 Qd4 51.Qc8+ Kg7 52.Qe6 Qd3+ 53.Kg2 Qe2+ 54.Kg1 
Qe1+ 1/2-1/2

[Event "11th EUR-ch"]
[Site "Rijeka CRO"]
[Date "2010.03.10"]
[Round "5"]
[White "Sahitaj, Naim"]
[Black "Guseinov, Gadir"]
[Result "0-1"]
[WhiteElo "1562"]
[BlackElo "2609"]
[EventDate "2010.03.06"]
[PlyCount "98"]

1.d4 Nf6 2.c4 g6 3.Nc3 Bg7 4.e4 d6 5.Bd3 O-O 6.Nge2 e5 7.d5 Nh5 8.f3 f5 9.
Be3 Na6 10.Qd2 Nc5 11.Bc2 a5 12.O-O-O b6 13.Rdf1 Nf6 14.Bg5 f4 15.Qd1 Qd7 
16.a4 h6 17.Bh4 g5 18.Bf2 g4 19.Bh4 Nh7 20.Ng1 h5 21.g3 Bh6 22.Kb1 Qg7 23.
h3 fxg3 24.Bxg3 h4 25.Bxh4 g3 26.Nge2 g2 27.Rfg1 Rxf3 28.Rxg2 Qxg2 29.Rg1 
Bxh3 30.Rxg2+ Bxg2 31.Ng3 Bg5 32.Bxg5 Nxg5 33.Qe1 Raf8 34.Nd1 Nd3 35.Bxd3 
Rxd3 36.Nc3 Rff3 37.Nce2 Nxe4 38.Qg1 Rxg3 39.Nxg3 Rxg3 40.Ka2 Rg6 41.Qh2 
Nf6 42.b4 axb4 43.Kb3 Rg4 44.Qh6 Kf7 45.Qc1 Rf4 46.a5 bxa5 47.Ka4 Bf1 48.
c5 Bc4 49.cxd6 cxd6 0-1

[Event "11th EUR-ch"]
[Site "Rijeka CRO"]
[Date "2010.03.10"]
[Round "5"]
[White "Bartel, Mateusz"]
[Black "Zaslavsky, Mikhail"]
[Result "1/2-1/2"]
[WhiteElo "2634"]
[BlackElo "2391"]
[EventDate "2010.03.06"]
[PlyCount "118"]

1.c4 Nf6 2.Nc3 e5 3.g3 Bb4 4.Bg2 O-O 5.Nf3 Re8 6.O-O e4 7.Ne1 Bxc3 8.bxc3 
Nc6 9.f3 exf3 10.Nxf3 Qe7 11.e3 d6 12.d3 Bg4 13.h3 Bxf3 14.Bxf3 Qe5 15.Qe1
Qe6 16.Bg2 Ne5 17.Qe2 c6 18.Rb1 d5 19.cxd5 cxd5 20.d4 Nc4 21.Rxb7 Reb8 22.
Rb3 Ne4 23.Qg4 Ncd6 24.Qxe6 fxe6 25.Ba3 Nc4 26.Bxe4 dxe4 27.Rfb1 Rxb3 28.
Rxb3 Nxe3 29.Bc5 a5 30.Kf2 Nd1+ 31.Ke1 a4 32.Rb6 Nxc3 33.Rxe6 Nxa2 34.d5 
Rd8 35.d6 Nc3 36.Re7 Nd5 37.Rxe4 Nf6 38.Rxa4 Ne8 39.Ra6 Rd7 40.Ke2 Kf7 41.
Ke3 Ke6 42.Kd4 Nxd6 43.g4 Rd8 44.h4 Rd7 45.h5 Rd8 46.Bb4 Rd7 47.Ba3 Rd8 
48.Ke3 Kd5 49.Bxd6 Rxd6 50.Ra7 Re6+ 51.Kf4 Rf6+ 52.Kg3 Ke6 53.Rxg7 Rf7 54.
Rg8 Re7 55.h6 Kf7 56.Rg5 Kf6 57.Kh4 Re1 58.Rg8 Rh1+ 59.Kg3 Rxh6 1/2-1/2

[Event "11th EUR-ch"]
[Site "Rijeka CRO"]
[Date "2010.03.10"]
[Round "5"]
[White "Nijboer, Friso"]
[Black "Platzgummer, Fabian"]
[Result "1/2-1/2"]
[WhiteElo "2562"]
[BlackElo "2383"]
[EventDate "2010.03.06"]
[PlyCount "82"]

1.e4 c5 2.Nf3 d6 3.d4 cxd4 4.Nxd4 Nf6 5.Nc3 a6 6.Be2 e5 7.Nb3 Be7 8.O-O 
O-O 9.Re1 Be6 10.Bf3 Nbd7 11.a4 Rc8 12.Nd2 Qc7 13.Nf1 Rfd8 14.Ne3 Nb6 15.
Ncd5 Nfxd5 16.exd5 Bd7 17.b3 f5 18.a5 Na8 19.Be2 Qc3 20.Bd2 Qd4 21.c4 Nc7 
22.Nc2 Qh4 23.g3 Qf6 24.f4 Qf7 25.Be3 Bf6 26.Rc1 Kh8 27.Qd2 Qg8 28.Qb4 g5 
29.fxg5 Be7 30.Qd2 Rf8 31.Kh1 Be8 32.Bf3 Rf7 33.Rf1 Rg7 34.Bg2 Bd7 35.Nd4 
Rxg5 36.Nf3 Rg6 37.Ne1 h5 38.Bh3 Rf8 39.Qd3 Qf7 40.Rc2 h4 41.Bc1 Ne8 
1/2-1/2

[Event "11th EUR-ch"]
[Site "Rijeka CRO"]
[Date "2010.03.10"]
[Round "5"]
[White "Bentivegna, Francesco"]
[Black "Svetuschin, Dumitru"]
[Result "0-1"]
[WhiteElo "2361"]
[BlackElo "2554"]
[EventDate "2010.03.06"]
[PlyCount "48"]

1.e4 g6 2.d4 Bg7 3.Nc3 c6 4.Nf3 d6 5.Be3 Nf6 6.Qd2 b5 7.Bd3 Nbd7 8.h3 O-O 
9.O-O Qc7 10.Ne2 Bb7 11.Ng3 c5 12.c3 Rab8 13.Bh6 e5 14.Nh4 Rbd8 15.Bxg7 
Kxg7 16.d5 c4 17.Bc2 Ng8 18.f4 exf4 19.Rxf4 Ne5 20.Raf1 Bc8 21.Nf3 Rde8 
22.Nd4 Bd7 23.Qf2 a5 24.Nf3 Bc8 0-1

[Event "11th EUR-ch"]
[Site "Rijeka CRO"]
[Date "2010.03.10"]
[Round "5"]
[White "Ramesa, Davor"]
[Black "Boros, Denes"]
[Result "0-1"]
[WhiteElo "2339"]
[BlackElo "2485"]
[EventDate "2010.03.06"]
[PlyCount "140"]

1.Nf3 Nf6 2.c4 e6 3.g3 d5 4.Bg2 d4 5.d3 Be7 6.O-O c5 7.b4 cxb4 8.a3 bxa3 
9.Bxa3 Nc6 10.Nbd2 O-O 11.Nb3 e5 12.Bxe7 Qxe7 13.Na5 Nb4 14.Nd2 Rb8 15.Qb3
b6 16.Nc6 Nxc6 17.Bxc6 Bh3 18.Rfb1 Rfc8 19.Bf3 Rc7 20.Qa3 Qd8 21.Ne4 Nxe4 
22.Bxe4 Qe8 23.Qd6 Rd7 24.Qc6 Rc8 25.Qa4 Qd8 26.Qa6 Qc7 27.Rb5 Re7 28.Qa3 
Bg4 29.Ra2 Qd7 30.Rab2 Qe6 31.Rd5 Rd7 32.Rbb5 f6 33.f3 Bh5 34.Rxd7 Qxd7 
35.Bd5+ Bf7 36.Bxf7+ Kxf7 37.Rd5 Qe7 38.Qa4 Rc7 39.Qb5 Kg6 40.Kg2 h6 41.h4
h5 42.Qa4 Kh6 43.Kf2 g6 44.Kg2 f5 45.Qb5 Rc5 46.Rxc5 bxc5 47.Qb8 Kh7 48.
Qa8 f4 49.Kh3 fxg3 50.Kxg3 Qf7 51.Kg2 Qc7 52.Kh3 Kg7 53.Kg2 Qe7 54.Kh3 Kf6
55.Qh8+ Kf5 56.Qc8+ Kf4 57.Qc6 Ke3 58.Qxg6 Kxe2 59.Qe4+ Kf2 60.Qg6 Qb7 61.
Qg3+ Kf1 62.Kh2 Qb2+ 63.Kh1 Qf2 64.Qg5 Qxf3+ 65.Kh2 e4 66.dxe4 Qe2+ 67.Kh3
Qf3+ 68.Kh2 d3 69.e5 Qf2+ 70.Kh1 d2 0-1

[Event "11th EUR-ch"]
[Site "Rijeka CRO"]
[Date "2010.03.10"]
[Round "5"]
[White "Berbatov, Kiprian"]
[Black "Hoffmann, Paul"]
[Result "0-1"]
[WhiteElo "2481"]
[BlackElo "2361"]
[EventDate "2010.03.06"]
[PlyCount "64"]

1.e4 c5 2.Nf3 d6 3.d4 cxd4 4.Nxd4 Nf6 5.Nc3 Nc6 6.Bc4 Qb6 7.Nb3 e6 8.Be3 
Qc7 9.f4 a6 10.Bd3 Be7 11.Qf3 O-O 12.g4 b5 13.g5 Nd7 14.O-O Re8 15.a4 b4 
16.Nd1 Na5 17.Nxa5 Qxa5 18.Nf2 Nc5 19.Ng4 Bb7 20.f5 Nxd3 21.fxe6 fxe6 22.
Qf7+ Kh8 23.cxd3 Bxg5 24.Qxb7 Bxe3+ 25.Nxe3 Qc5 26.Rf3 Ra7 27.Raf1 Kg8 28.
d4 Qg5+ 29.Rg3 Qxg3+ 30.hxg3 Rxb7 31.Rc1 b3 32.Rc6 Rb4 0-1

[Event "11th EUR-ch"]
[Site "Rijeka CRO"]
[Date "2010.03.10"]
[Round "5"]
[White "Brunello, Sabino"]
[Black "Schiendorfer, Emanuel"]
[Result "1-0"]
[WhiteElo "2476"]
[BlackElo "2340"]
[EventDate "2010.03.06"]
[PlyCount "99"]

1.d4 d5 2.c4 e6 3.Nf3 Nf6 4.g3 dxc4 5.Qa4+ Bd7 6.Qxc4 c5 7.Bg2 Nc6 8.dxc5 
Qa5+ 9.Nc3 Qxc5 10.Qb3 Qb6 11.Qxb6 axb6 12.O-O Bc5 13.Rd1 h6 14.Ne1 Ke7 
15.Nd3 Rhd8 16.Bf4 Be8 17.Nxc5 bxc5 18.Bc7 Rd7 19.Rxd7+ Nxd7 20.Ne4 f5 21.
Bd6+ Kf7 22.Nxc5 Nxc5 23.Bxc5 Rd8 24.b4 b5 25.Rc1 Ne5 26.f4 Ng4 27.e4 Rd2 
28.e5 h5 29.h3 Nh6 30.Be3 Rxa2 31.Rc7+ Kg6 32.Re7 Ra1+ 33.Kf2 Ra2+ 34.Kf1 
Ra1+ 35.Ke2 Bf7 36.Bc6 Rb1 37.Bd2 Rb3 38.Be1 h4 39.gxh4 Rxh3 40.Bxb5 Kh5 
41.Kd2 Kg4 42.Bf1 Rh1 43.Be2+ Kxf4 44.b5 Rh3 45.b6 Rb3 46.b7 Be8 47.Bc4 
Rb1 48.Kc2 Rb6 49.Ba5 Ba4+ 50.Kc1 1-0

[Event "11th EUR-ch"]
[Site "Rijeka CRO"]
[Date "2010.03.10"]
[Round "5"]
[White "Yilmaz, Mustafa"]
[Black "Sandalakis, Angelos"]
[Result "1-0"]
[WhiteElo "2468"]
[BlackElo "2319"]
[EventDate "2010.03.06"]
[PlyCount "50"]

1.e4 e5 2.Nc3 Nf6 3.g3 Nc6 4.Bg2 Bc5 5.d3 d6 6.h3 a6 7.Nge2 Be6 8.Nd5 Bxd5
9.exd5 Ne7 10.O-O Qd7 11.d4 exd4 12.Nxd4 O-O 13.Bg5 Nexd5 14.c4 h6 15.Bxh6
gxh6 16.cxd5 Rae8 17.g4 Re5 18.Nf5 Rxf5 19.gxf5 Qxf5 20.Rc1 Kh8 21.Rc3 Rg8
22.Kh1 Nh5 23.Qf3 Qe5 24.Qxf7 Rg7 25.Qf8+ Rg8 1-0

[Event "11th EUR-ch"]
[Site "Rijeka CRO"]
[Date "2010.03.10"]
[Round "5"]
[White "Rasulov, Vugar Ural Oglu"]
[Black "Chudinovskikh, Alexander"]
[Result "0-1"]
[WhiteElo "2457"]
[BlackElo "2314"]
[EventDate "2010.03.06"]
[PlyCount "150"]

1.c4 c5 2.e4 e6 3.Nf3 Nc6 4.Nc3 Nf6 5.d4 cxd4 6.Nxd4 Bb4 7.Nxc6 dxc6 8.
Qxd8+ Kxd8 9.Bd2 e5 10.O-O-O Kc7 11.a3 Bc5 12.f3 a5 13.g4 h6 14.Be2 Be6 
15.h4 b6 16.Kc2 Rad8 17.Rb1 Bf2 18.Nd1 Bg3 19.Bc3 Nd7 20.Ne3 g6 21.h5 a4 
22.Ng2 g5 23.b4 axb3+ 24.Rxb3 Nc5 25.Rb4 f6 26.Rhb1 Rb8 27.Ne3 Bf2 28.Bd2 
Rhd8 29.Nd1 Bd4 30.Nc3 Rb7 31.Bf1 Ra8 32.Bc1 Bf7 33.Ne2 Ne6 34.R4b3 Bc5 
35.Bb2 Ra4 36.Rd1 Rxc4+ 37.Kb1 Ra4 38.Rbd3 Kc8 39.Ng3 Nd4 40.Nf5 Bc4 41.
Rxd4 exd4 42.Bxc4 Rxc4 43.Nxh6 Kd7 44.Nf5 Ke6 45.h6 Rh7 46.Bxd4 Bxd4 47.
Nxd4+ Ke5 48.Nf5 Rc3 49.Rf1 Kf4 50.Rh1 Rxf3 51.Nd4 Kxg4 52.Nxf3 Kxf3 53.
Rf1+ Kxe4 54.Rxf6 g4 55.Rxc6 g3 56.Rg6 Kf3 57.Rxb6 g2 58.Rf6+ Kg3 59.Rg6+ 
Kh2 60.Kc2 g1=Q 61.Rxg1 Kxg1 62.a4 Kf2 63.Kc3 Ke3 64.Kc4 Ke4 65.a5 Ke5 66.
Kb5 Kd6 67.Kb6 Kd7 68.Kb7 Kd8+ 69.Kb8 Rxh6 70.Kb7 Rh1 71.a6 Rb1+ 72.Ka8 
Kc7 73.a7 Kb6 74.Kb8 Ka6+ 75.Ka8 Rh1 0-1

[Event "11th EUR-ch"]
[Site "Rijeka CRO"]
[Date "2010.03.10"]
[Round "5"]
[White "Butnorius, Algimantas"]
[Black "Kunze, Carlo"]
[Result "1-0"]
[WhiteElo "2437"]
[BlackElo "2306"]
[EventDate "2010.03.06"]
[PlyCount "99"]

1.d4 Nf6 2.Nf3 d6 3.g3 Nbd7 4.Bg2 e5 5.c4 Be7 6.Nc3 O-O 7.O-O c6 8.e4 a6 
9.Qc2 b5 10.Rd1 Qc7 11.Be3 Bb7 12.cxb5 cxb5 13.Rac1 Rac8 14.Qb1 Qb8 15.a3 
b4 16.axb4 Ba8 17.Nd5 Nxd5 18.Rxc8 Rxc8 19.exd5 Bxd5 20.dxe5 Bb3 21.Rc1 
dxe5 22.Rc3 Be6 23.Ba7 Qxa7 24.Rxc8+ Nf8 25.Rc1 f6 26.Qe4 Qb8 27.Bf1 f5 
28.Qxe5 Qxb4 29.Qc3 Qb7 30.Bc4 Bf6 31.Bxe6+ Nxe6 32.Qc4 Kf7 33.Re1 Qxf3 
34.Qxe6+ Kg6 35.Qxa6 Qb3 36.Re2 h5 37.Rd2 h4 38.gxh4 Qb4 39.Qe2 Qxh4 40.
Rd3 Kf7 41.b3 Qg5+ 42.Rg3 Qc1+ 43.Qf1 Qb2 44.Qc4+ Kf8 45.Qc5+ Kf7 46.Qd5+ 
Kf8 47.Qxf5 Qc1+ 48.Kg2 Qc6+ 49.Qf3 Qb5 50.Qe4 1-0

[Event "11th EUR-ch"]
[Site "Rijeka CRO"]
[Date "2010.03.10"]
[Round "5"]
[White "Nakar, Eylon"]
[Black "Gutov, Andrey"]
[Result "1/2-1/2"]
[WhiteElo "2264"]
[BlackElo "2437"]
[EventDate "2010.03.06"]
[PlyCount "70"]

1.e4 e5 2.Nf3 Nc6 3.Bb5 a6 4.Ba4 Nf6 5.O-O Be7 6.Qe2 b5 7.Bb3 O-O 8.c3 d5 
9.exd5 Nxd5 10.Nxe5 Nf4 11.Qe4 Nxe5 12.d4 Bb7 13.Qxb7 Ne2+ 14.Kh1 Nxc1 15.
dxe5 Nd3 16.Na3 Nxe5 17.Nc2 Bd6 18.Ne3 Nd3 19.Rad1 Rb8 20.Qe4 Nc5 21.Qg4 
Qf6 22.Bc2 g6 23.Nd5 Qg7 24.Rfe1 Ne6 25.f4 f5 26.Qf3 Rbe8 27.g3 Kh8 28.Re2
Nd8 29.Bb3 c5 30.Ne3 Bb8 31.Bd5 c4 32.Nc2 Qf6 33.Rde1 Rxe2 34.Qxe2 Qd6 35.
Bf3 Kg7 1/2-1/2

[Event "11th EUR-ch"]
[Site "Rijeka CRO"]
[Date "2010.03.10"]
[Round "5"]
[White "Voiteanu, Gabriel"]
[Black "Boskovic, Drasko"]
[Result "1/2-1/2"]
[WhiteElo "2254"]
[BlackElo "2434"]
[EventDate "2010.03.06"]
[PlyCount "121"]

1.d4 Nf6 2.c4 c5 3.Nf3 cxd4 4.Nxd4 Nc6 5.g3 d6 6.Bg2 Bd7 7.O-O g6 8.b3 Bg7
9.Bb2 O-O 10.Nc3 Qa5 11.Nd5 Nxd5 12.Bxd5 Nxd4 13.Bxd4 Bc6 14.Bxg7 Kxg7 15.
Qd4+ e5 16.Qd3 Bxd5 17.Qxd5 Qxd5 18.cxd5 Rfc8 19.Rac1 e4 20.f3 exf3 21.
exf3 Rc5 22.Rxc5 dxc5 23.Rc1 b6 24.Re1 Kf6 25.f4 a5 26.a4 h6 27.Kf2 Rc8 
28.Re4 Rb8 29.Re5 b5 30.d6 bxa4 31.bxa4 c4 32.Ke3 Rb3+ 33.Kd4 Rd3+ 34.Kxc4
Rxd6 35.Rxa5 Rd2 36.Rb5 Rxh2 37.Rb3 Kf5 38.a5 Ra2 39.Kb4 Kg4 40.Ra3 Rb2+ 
41.Kc5 f5 42.a6 Rb8 43.a7 Ra8 44.Kb6 g5 45.Kb7 Re8 46.a8=Q Rxa8 47.Kxa8 
gxf4 48.gxf4 h5 49.Kb7 h4 50.Kc6 h3 51.Ra1 Kxf4 52.Kd5 Kg3 53.Ra3+ Kg4 54.
Ra8 h2 55.Rh8 Kg3 56.Ke5 Kg2 57.Rg8+ Kf3 58.Rh8 Kg2 59.Kf4 h1=Q 60.Rxh1 
Kxh1 61.Kxf5 1/2-1/2

[Event "11th EUR-ch"]
[Site "Rijeka CRO"]
[Date "2010.03.10"]
[Round "5"]
[White "Azaladze, Shota"]
[Black "Feher, Adam"]
[Result "1-0"]
[WhiteElo "2433"]
[BlackElo "2260"]
[EventDate "2010.03.06"]
[PlyCount "71"]

1.g3 d5 2.Bg2 c6 3.c4 Nf6 4.Nf3 dxc4 5.O-O Nbd7 6.Na3 Nb6 7.Qc2 Qd5 8.b3 
cxb3 9.axb3 g6 10.Nc4 Nxc4 11.bxc4 Qd8 12.d3 Bg7 13.Ra2 O-O 14.Be3 a6 15.
Rb1 Nd7 16.Nd2 Qc7 17.c5 Ne5 18.Bf4 Qd8 19.h3 h6 20.Ra4 g5 21.Be3 Qc7 22.
Bd4 Ng6 23.Bxg7 Kxg7 24.Nc4 Rb8 25.Na5 Kh7 26.Rb6 f5 27.Rab4 f4 28.g4 Be6 
29.Be4 Bd5 30.Bxd5 cxd5 31.d4 Rf6 32.Rxf6 exf6 33.Rb6 Kg7 34.Qf5 Qe7 35.
Kf1 f3 36.e3 1-0

[Event "11th EUR-ch"]
[Site "Rijeka CRO"]
[Date "2010.03.10"]
[Round "5"]
[White "Zueger, Beat"]
[Black "Bakin, Alexander"]
[Result "1/2-1/2"]
[WhiteElo "2425"]
[BlackElo "2232"]
[EventDate "2010.03.06"]
[PlyCount "42"]

1.c4 c5 2.g3 Nc6 3.Bg2 g6 4.e3 Bg7 5.Ne2 e5 6.Nbc3 Nge7 7.d3 d6 8.a3 a5 9.
O-O O-O 10.Bd2 Rb8 11.Qc2 Be6 12.Rfd1 d5 13.Nb5 b6 14.Be1 Qc8 15.Nec3 Rd8 
16.Rac1 h6 17.cxd5 Nxd5 18.Nxd5 Bxd5 19.Bxd5 Rxd5 20.Qc4 Qd8 21.h4 Rd7 
1/2-1/2

[Event "11th EUR-ch"]
[Site "Rijeka CRO"]
[Date "2010.03.10"]
[Round "5"]
[White "Beletic, Daniel"]
[Black "Malakhov, Igor"]
[Result "1/2-1/2"]
[WhiteElo "2232"]
[BlackElo "2425"]
[EventDate "2010.03.06"]
[PlyCount "144"]

1.c4 Nf6 2.Nf3 c5 3.Nc3 Nc6 4.g3 g6 5.Bg2 Bg7 6.O-O O-O 7.d3 e6 8.Be3 Qe7 
9.Qb3 b6 10.Qa3 Bb7 11.d4 d6 12.Rfd1 h6 13.h3 g5 14.dxc5 bxc5 15.Nb5 Nb4 
16.Rac1 Rfd8 17.Qb3 a5 18.a4 Rac8 19.Na7 Rb8 20.Nb5 Ba8 21.Ne1 Bxg2 22.
Kxg2 Ne8 23.Nd3 Nc6 24.Qa3 f5 25.Bd2 e5 26.Bc3 Nc7 27.e3 Ne6 28.f3 Rd7 29.
Nf2 Rf8 30.Re1 h5 31.e4 g4 32.exf5 gxf3+ 33.Kxf3 Rxf5+ 34.Kg2 h4 35.g4 Rf8
36.Bd2 Ncd4 37.Ne4 Nf3 38.Rf1 Nxd2 39.Nxd2 Bh6 40.Rxf8+ Qxf8 41.Rf1 Qa8+ 
42.Qf3 Qxf3+ 43.Nxf3 e4 44.Nxh4 Nf4+ 45.Kg3 Nd3 46.Nf5 Bf8 47.Nc3 Bg7 48.
Nxg7 Kxg7 49.Nxe4 Nxb2 50.Nf6 Re7 51.Nh5+ Kg8 52.Rf4 Nxa4 53.Nf6+ Kg7 54.
Nh5+ Kg8 55.Rf6 Nc3 56.Kh4 a4 57.Rxd6 a3 58.Ra6 a2 59.Nf6+ Kg7 60.Nd5 Re1 
61.Nxc3 a1=Q 62.Rxa1 Rxa1 63.Ne4 Ra5 64.Kg5 Ra4 65.Kh4 Ra5 66.Nd6 Kf6 67.
Nb7 Ra4 68.Nxc5 Rxc4 69.Nd3 Rd4 70.Ne1 Ra4 71.Kg3 Kg6 72.h4 Ra5 1/2-1/2

[Event "11th EUR-ch"]
[Site "Rijeka CRO"]
[Date "2010.03.10"]
[Round "5"]
[White "Malachi, Avraham"]
[Black "Ris, Robert"]
[Result "0-1"]
[WhiteElo "2188"]
[BlackElo "2422"]
[EventDate "2010.03.06"]
[PlyCount "28"]

1.e4 e5 2.Nf3 Nc6 3.Bb5 Nf6 4.Qe2 Bc5 5.Bxc6 bxc6 6.Nxe5 O-O 7.Nd3 Bb6 8.
O-O d5 9.e5 Bg4 10.Qe1 Re8 11.Kh1 Bf5 12.f4 Ng4 13.Nc3 Re6 14.Nb4 Nxh2 0-1

[Event "11th EUR-ch"]
[Site "Rijeka CRO"]
[Date "2010.03.10"]
[Round "5"]
[White "Petre, Nad-Titus"]
[Black "Mihalinec, Damir"]
[Result "1/2-1/2"]
[WhiteElo "2410"]
[BlackElo "2232"]
[EventDate "2010.03.06"]
[PlyCount "57"]

1.d4 Nf6 2.Nf3 g6 3.c4 Bg7 4.Nc3 d5 5.Qb3 dxc4 6.Qxc4 O-O 7.e4 Na6 8.Be2 
c5 9.d5 e6 10.O-O exd5 11.exd5 b6 12.Rd1 Re8 13.d6 Nb4 14.Ng5 Be6 15.Nxe6 
Rxe6 16.Bf3 Rc8 17.Nb5 Nc6 18.Bf4 Nd4 19.Nxd4 cxd4 20.Qa4 g5 21.Bg3 h5 22.
h3 g4 23.Bb7 Rc5 24.hxg4 Nxg4 25.d7 h4 26.Bf4 Ra5 27.Qc4 Rc5 28.Qa4 Ra5 
29.Qc4 1/2-1/2

[Event "11th EUR-ch"]
[Site "Rijeka CRO"]
[Date "2010.03.10"]
[Round "5"]
[White "Zavhorodnii, Serhii"]
[Black "Kinez, Ivo"]
[Result "1-0"]
[WhiteElo "2409"]
[BlackElo "2138"]
[EventDate "2010.03.06"]
[PlyCount "55"]

1.e4 c5 2.Nf3 d6 3.c3 Nf6 4.Bc4 e6 5.d3 Nc6 6.Bb3 Be7 7.O-O O-O 8.Re1 e5 
9.h3 Qa5 10.Bg5 Bd7 11.Nbd2 b5 12.Nf1 h6 13.Bd2 Qb6 14.Ne3 Rac8 15.Qe2 Kh7
16.Nh2 Be6 17.Nhg4 Nxg4 18.hxg4 a5 19.Nf5 Bxf5 20.gxf5 g6 21.Bxf7 gxf5 22.
Qh5 Rxf7 23.Qxf7+ Kh8 24.Bxh6 Rg8 25.Re3 Qd8 26.Rh3 Bh4 27.Qh5 Rg4 28.Bg5+
1-0

[Event "11th EUR-ch"]
[Site "Rijeka CRO"]
[Date "2010.03.10"]
[Round "5"]
[White "Berkovich, Mark"]
[Black "Kadric, Denis"]
[Result "1/2-1/2"]
[WhiteElo "2401"]
[BlackElo "2171"]
[EventDate "2010.03.06"]
[PlyCount "43"]

1.c4 Nf6 2.Nc3 g6 3.e4 d6 4.g3 Bg7 5.Bg2 O-O 6.Nge2 c5 7.O-O Nc6 8.d3 Bd7 
9.h3 Ne8 10.Be3 Nd4 11.Rb1 Rb8 12.Kh2 Nc7 13.Qd2 b5 14.b3 b4 15.Nd5 Nxd5 
16.exd5 Nf5 17.Bf4 a5 18.g4 Nd4 19.Ng3 Re8 20.Bh6 Bh8 21.Be4 Qc8 22.Rg1 
1/2-1/2

[Event "11th EUR-ch"]
[Site "Rijeka CRO"]
[Date "2010.03.10"]
[Round "5"]
[White "Kargin, Arseny"]
[Black "Astengo, Corrado"]
[Result "1-0"]
[WhiteElo "2400"]
[BlackElo "2136"]
[EventDate "2010.03.06"]
[PlyCount "91"]

1.e4 c5 2.Nf3 e6 3.d4 cxd4 4.Nxd4 a6 5.Bd3 Nc6 6.Be3 Nf6 7.O-O Qc7 8.Nxc6 
Qxc6 9.e5 Nd5 10.Nd2 Be7 11.Qg4 Kf8 12.Be4 Qc7 13.Qg3 b5 14.Bxd5 exd5 15.
c3 Bb7 16.Bd4 h5 17.f4 Rh6 18.f5 Bc5 19.Nb3 Bxd4+ 20.cxd4 Re8 21.Rac1 Bc6 
22.Nc5 Kg8 23.b4 a5 24.a3 axb4 25.axb4 Ra8 26.Ra1 Ra7 27.Qf4 Kh7 28.Rfe1 
Qb8 29.Qf1 Rxa1 30.Rxa1 Qd8 31.Qf4 d6 32.Nd3 Qb6 33.exd6 Rxd6 34.Nc5 Rh6 
35.Qg5 Qb8 36.Ra3 Qe8 37.Re3 f6 38.Qg3 Qa8 39.Ne6 Qa1+ 40.Re1 Qa7 41.Qd6 
Ba8 42.Nxg7 Qxd4+ 43.Kh1 Qf2 44.Qe7 Kg8 45.Nxh5 Rxh5 46.Qe8+ 1-0

[Event "11th EUR-ch"]
[Site "Rijeka CRO"]
[Date "2010.03.10"]
[Round "5"]
[White "Neagos, Raul-Alexandru"]
[Black "Sale, Srdjan"]
[Result "0-1"]
[WhiteElo "2100"]
[BlackElo "2396"]
[EventDate "2010.03.06"]
[PlyCount "57"]

1.e4 Nf6 2.e5 Nd5 3.Nc3 Nxc3 4.bxc3 d6 5.f4 Bf5 6.Nf3 e6 7.d4 Nd7 8.Bd3 
Bg6 9.O-O Be7 10.Qe2 O-O 11.Kh1 c5 12.a4 Nb6 13.Bxg6 hxg6 14.dxc5 dxc5 15.
c4 Qc7 16.a5 Nd7 17.Ra3 Rad8 18.Bd2 Nb8 19.Rb1 Nc6 20.Rab3 Rb8 21.a6 bxa6 
22.Qe4 Rb6 23.Rxb6 axb6 24.h4 Rb8 25.h5 gxh5 26.Ng5 Bxg5 27.fxg5 Ne7 28.g4
hxg4 29.Ra1 0-1

[Event "11th EUR-ch"]
[Site "Rijeka CRO"]
[Date "2010.03.10"]
[Round "5"]
[White "Bajarani, Ulvi"]
[Black "Spika, Ivica"]
[Result "1-0"]
[WhiteElo "2395"]
[BlackElo "2085"]
[EventDate "2010.03.06"]
[PlyCount "55"]

1.e4 c5 2.Nf3 d6 3.d4 cxd4 4.Nxd4 Nf6 5.Nc3 a6 6.Bg5 e6 7.f4 Nbd7 8.Qe2 
Qc7 9.O-O-O Be7 10.Nf3 e5 11.g4 exf4 12.Bxf4 Ne5 13.g5 Nfd7 14.Nd5 Qd8 15.
h4 Qa5 16.Kb1 Nxf3 17.Qxf3 Ne5 18.Bxe5 dxe5 19.Bc4 Be6 20.Bb3 Qc5 21.Nf6+ 
gxf6 22.Bxe6 fxe6 23.Qh5+ Kf8 24.Qh6+ Kf7 25.Rhf1 Qc6 26.gxf6 Rag8 27.
fxe7+ Kxe7 28.Qf6+ 1-0

[Event "11th EUR-ch"]
[Site "Rijeka CRO"]
[Date "2010.03.10"]
[Round "5"]
[White "Cioara, Andrei-Nestor"]
[Black "Faika, Michael"]
[Result "1-0"]
[WhiteElo "2430"]
[BlackElo "2102"]
[EventDate "2010.03.06"]
[PlyCount "51"]

1.Nf3 Nc6 2.e4 e5 3.d4 exd4 4.Nxd4 Nf6 5.Nc3 Bb4 6.Nxc6 bxc6 7.Bd3 d5 8.
exd5 O-O 9.O-O cxd5 10.Bg5 Bxc3 11.bxc3 h6 12.Bh4 Qd6 13.Qf3 Bg4 14.Qg3 
Qxg3 15.Bxg3 c6 16.f3 Be6 17.Rab1 Rfd8 18.Bf2 Nd7 19.Ba6 Rab8 20.Bb7 d4 
21.Bg3 Nb6 22.Bxb8 Rxb8 23.Bxc6 Rc8 24.Be4 Rxc3 25.Rb4 Bxa2 26.Rxd4 1-0